LEADER 00896nam a2200253 i 4500 001 991001984999707536 005 20020508184548.0 008 000220s1975 it ||| | ita 035 $ab10942270-39ule_inst 035 $aPARLA152423$9ExL 040 $aDip.to Filosofia$bita 082 0 $a323.1 100 1 $aCaffaz, Ugo$0176462 245 12$aL'antisemitismo italiano sotto il fascismo /$cUgo Caffaz 260 $aFirenze :$bLa nuova Italia,$c1975 300 $a131 p. ;$c20 cm 490 0 $aStrumenti. Guide ;$v39 650 4$aAntisemitismo$zItalia$y1922-1945 907 $a.b10942270$b23-02-17$c28-06-02 912 $a991001984999707536 945 $aLE005IF XXV A 29$g1$i2005000102738$lle005$o-$pE0.00$q-$rl$s- $t0$u0$v0$w0$x0$y.i11049066$z28-06-02 996 $aAntisemitismo italiano sotto il fascismo$998680 997 $aUNISALENTO 998 $ale005$b01-01-00$cm$da $e-$fita$git $h2$i1 LEADER 01301nam0 22003131i 450 001 UON00202097 005 20231205103258.40 010 $a03-351-5712-2 100 $a20030730d1994 |0itac50 ba 101 $aeng 102 $aGB 105 $a|||| ||||| 200 1 $aˆA ‰ Passage to India$fedited by Tony Davies and Nigel Wood 210 $aBuckingham$aPhiladelphia$cOpen University Press$d1994. xii$d172 p. ; 22 cm 410 1$1001UON00173675$12001 $a Theory in practice$1210 $aBuckingham$cOpen University Press, 606 $aFORSTER EDWARD MORGAN$3UONC039616$2FI 606 $aIndia nella letteratura$3UONC042213$2FI 620 $aUS$dPhiladelphia$3UONL000152 620 $dBuckingham$3UONL002950 676 $a823$cLetteratura narrativa inglese$v21 702 1$aDAVIES$bTony$3UONV120795 702 1$aWOOD$bNigel$3UONV041436 712 $aOpen University Press$3UONV263667$4650 801 $aIT$bSOL$c20260306$gRICA 899 $aSIBA - SISTEMA BIBLIOTECARIO DI ATENEO E ARCHIVIO STORICO$2UONSI 912 $aUON00202097 950 $aSIBA - SISTEMA BIBLIOTECARIO DI ATENEO E ARCHIVIO STORICO$dSI Angl Smarrito Smarrito $eSI LO 62035 5 $sSmarrito 996 $aPassage to India$9182010 997 $aUNIOR